Globalisasi di Malaysia / (Record no. 1455)

000 -LEADER
fixed length control field nam a22 a 4500
003 - CONTROL NUMBER IDENTIFIER
control field AKMAL
005 - DATE AND TIME OF LATEST TRANSACTION
control field 20170509153628.0
008 - FIXED-LENGTH DATA ELEMENTS--GENERAL INFORMATION
fixed length control field 030610s2003 my 00 may d
020 ## - INTERNATIONAL STANDARD BOOK NUMBER
International Standard Book Number 967611393X (kkt.):
Terms of availability RM24.00
040 ## - CATALOGING SOURCE
Original cataloging agency AKMAL
082 04 - DEWEY DECIMAL CLASSIFICATION NUMBER
Classification number 303.482595 LUK
Edition number 21
090 00 - LOCALLY ASSIGNED LC-TYPE CALL NUMBER (OCLC); LOCAL CALL NUMBER (RLIN)
Classification number (OCLC) (R) ; Classification number, CALL (RLIN) (NR) 303.482595
Local cutter number (OCLC) ; Book number/undivided call number, CALL (RLIN) LUK
100 0# - MAIN ENTRY--PERSONAL NAME
Personal name Lukman Z. Mohamad,
Dates associated with a name 1970-
9 (RLIN) 2877
245 10 - TITLE STATEMENT
Title Globalisasi di Malaysia /
Statement of responsibility, etc. Lukman Z. Mohamad, Azmi Abdul Manaf
260 ## - PUBLICATION, DISTRIBUTION, ETC.
Place of publication, distribution, etc. Kuala Lumpur :
Name of publisher, distributor, etc. Utusan Pub. & Dis.,
Date of publication, distribution, etc. 2003
300 00 - PHYSICAL DESCRIPTION
Extent 243ms. :
Other physical details il. ;
Dimensions 24cm
650 #0 - SUBJECT ADDED ENTRY--TOPICAL TERM
Topical term or geographic name entry element Social change
Geographic subdivision Malaysia
9 (RLIN) 2635
651 #0 - SUBJECT ADDED ENTRY--GEOGRAPHIC NAME
Geographic name Malaysia
General subdivision Economic conditions
9 (RLIN) 63
651 #0 - SUBJECT ADDED ENTRY--GEOGRAPHIC NAME
Geographic name Malaysia
General subdivision Social conditions
9 (RLIN) 45
700 0# - ADDED ENTRY--PERSONAL NAME
Personal name Azmi Abdul Manaf
9 (RLIN) 2878
942 ## - ADDED ENTRY ELEMENTS (KOHA)
Source of classification or shelving scheme
Koha item type Book
Holdings
Withdrawn status Lost status Source of classification or shelving scheme Damaged status Not for loan Collection code Home library Current library Shelving location Date acquired Inventory number Total Checkouts Full call number Barcode Date last seen Price effective from Koha item type
          NON-FICTION AKMAL Melaka AKMAL Melaka PINJAMAN 09.05.2017 304173   303.482595 LUK 201702714 09.05.2017 09.05.2017 Book
Pusat Sumber Maklumat Dato' Haji Sarmin Md Hussin, Akademi Kastam Diraja Malaysia, Melaka
Tel: 06-2331106 | Faks: 06-2313787